书目信息 |
| 题名: |
炭黑制造工艺方法
|
|
| 作者: | 化学工业部人事教育司 组织编写 | |
| 分册: | ||
| 出版信息: | 北京 化学工业出版社 1997.12 |
|
| 页数: | 314页 | |
| 开本: | 32开 | |
| 丛书名: | ||
| 单 册: | ||
| 中图分类: | TQ127.11 | |
| 科图分类: | ||
| 主题词: | ⅣA族元素:非金属元素--生产 , ⅣA族化合物:无机化合物--生产 | |
| 电子资源: | ||
| ISBN: | 7-5025-1953-X | |
| 000 | 00697nam0 2200205 45 | |
| 001 | 0011212001 | |
| 005 | 20001121205924.3 | |
| 010 | @a7-5025-1953-X@d17.50元 | |
| 100 | @a20001121d1997 km y0chiy0120 ea | |
| 101 | 0 | @achi |
| 105 | @a z 000yy | |
| 200 | 1 | @a炭黑制造工艺方法@ATan Hei Zhi Zao Gong Yi Fang Fa@f化学工业部人事教育司组织编写@FHua Xue Gong Ye Bu Ren Shi Jiao Yu Si Zu Zhi Bian Xie |
| 210 | @a北京@c化学工业出版社@d1997.12 | |
| 215 | @a314页@d32开 | |
| 606 | 0 | @aⅣA族元素:非金属元素@x生产 |
| 606 | 0 | @aⅣA族化合物:无机化合物@x生产 |
| 690 | @aTQ127.11@v3 | |
| 701 | 0 | @a化学工业部人事教育司@4组织编写 |
| 801 | @aCN@bPftUser@c20001121 | |
| 905 | @b500576-578@dTQ127.11@eH:282@f3 | |
| 炭黑制造工艺方法/化学工业部人事教育司组织编写.-北京:化学工业出版社,1997.12 |
| 314页;32开 |
| ISBN 7-5025-1953-X:17.50元 |
| ● |
| 相关链接 |
|
|
|
正题名:炭黑制造工艺方法
索取号:TQ127.11/H:282
 
预约/预借
| 序号 | 登录号 | 条形码 | 馆藏地/架位号 | 状态 | 备注 |
| 1 | 500576 | 205005769 | 自科二线504/504自科库 24排2列6层/ [索取号:TQ127.11/H:282] | 在馆 | |
| 2 | 500577 | 205005778 | 自科库501/501自科库 139排5列5层/ [索取号:TQ127.11/H:282] | 在馆 | |
| 3 | 500578 | 205005787 | 自科二线504/504自科库 24排2列6层/ [索取号:TQ127.11/H:282] | 在馆 |